000 00696nam a2200241Ia 4500
005 20230628111119.0
008 131103s9999 xx 000 0 und d
020 _a205056261
040 _aLoreto College
041 _aEnglish
082 _a301.431
_bHAN
100 _aHansen,James C.
245 _aCounseling
_b theory and process
_cJames C.Hansen, Richard R.Slevic and Richard W.Warner
250 _a2nd ed.
260 _aBoston
_bAllyn and Bacon
_c1977
300 _avii,538 p.
_b illus.
504 _aIncludes references and index
650 _aApplied Psychology
651 _aCounseling and Interviewing
700 _aStevie,Richard R.,auth.
850 _aLCLIB
942 _cBK
999 _c11048
_d61527